| 000 | 00559nam a2200205Ia 4500 | ||
|---|---|---|---|
| 003 | OSt | ||
| 005 | 20240419164321.0 | ||
| 008 | 210210b1960 xxu||||| |||| 00| 0 eng d | ||
| 040 | _cAL | ||
| 041 | _aKannada | ||
| 082 | _a852/55 | ||
| 100 |
_aIRVING _9148783 _d ಇರ್ವಿಂಗ್ |
||
| 245 |
_aAdi Manava _bಆದಿ ಮಾನವ |
||
| 260 |
_aBengaluru _bArunodaya Prakashana _c1960 |
||
| 650 |
_aA _9148784 |
||
| 690 |
_aKannada Prose _9148785 |
||
| 700 |
_aGOLDMAN ಗೋಲ್ಡ್ ಮನ್ _9148786 |
||
| 906 | _a018624 | ||
| 942 |
_2ddc _cBK |
||
| 999 |
_c142133 _d142133 |
||